| 000 | 01086nam a22002897a 4500 | ||
|---|---|---|---|
| 005 | 20100331115932.0 | ||
| 008 | 100331t xxu||||| |||| 00| 0 eng d | ||
| 010 | _aENG-95934 | ||
| 020 |
_a0198064322 _c750.00 |
||
| 020 |
_a9780198064329 _c750.00 |
||
| 035 | _aEN-79467 | ||
| 037 | _bDBAD/PUB | ||
| 040 | _aDPL | ||
| 082 | _a303.095431 | ||
| 100 | _aGurukkal, Rajan | ||
| 245 |
_aSocial formations of early South India / _cby Rajan Gurukkal |
||
| 260 |
_aNew Delhi _bOxford university press _c2010 |
||
| 270 |
_aYMCA library building, Jai Singh Road _bNew Delhi _e110001 |
||
| 300 |
_axiv, 354p. : _c24 cm. (Hb) |
||
| 500 | _aincludes index | ||
| 650 |
_aSocial change _zIndia _zTamil Nadu |
||
| 650 |
_aSocial change _zIndia _zKerala |
||
| 651 |
_aTamil Nadu (India) _xSocial conditions |
||
| 651 |
_aKerala (India) _xSocial conditions |
||
| 942 |
_2ddc _cEN _mGUR _h303.095431 |
||
| 999 |
_c34939 _d34939 |
||